Statistics for Random 20 US Presidents

Click here to take the quiz!

General Stats

  • This quiz has been taken 73 times
  • The average score is 14 of 20

Answer Stats

TermPartyAnswer% Correct
2009-2017

Democratic

Barrack Obama
100%
1889-1893

Republican

Benjamin Harrison
100%
1993-2001

Democratic

Bill Clinton
100%
1923-1929

Republican

Calvin Coolidge
100%
1881-1885

Republican

Chester A. Arthur
100%
2017-Now

Republican

Donald Trump
100%
1953-1961

Republican

Dwight D. Eisenhower
100%
1933-1945

Democratic

Franklin D. Roosevelt
100%
1853-1857

Democratic

Franklin Pierce
100%
1989-1993

Republican

George H. W. Bush
100%
1789-1797

Unaffiliated

George Washington
100%
1893-1897

Democratic

Glover Cleveland
100%
1945-1953

Democratic

Harry S. Truman
100%
1929-1933

Republican

Herbert Hoover
100%
1881-1881

Republican

James A. Garfield
100%
1857-1861

Democratic

James Buchanan
100%
1817-1825

Democratic-Republican

James Monroe
100%
1977-1981

Democratic

Jimmy Carter
100%
1797-1801

Federalist

John Adams
100%
1961-1963

Democratic

John F. Kennedy
100%
1825-1829

Democratic-Republican

John Quincy Adams
100%
1841-1845

Whig

John Tyler
100%
1963-1969

Democratic

Lyndon B. Johnson
100%
1837-1841

Democratic

Martin Van Buren
100%
1969-1974

Republican

Richard Nixon
100%
1981-1989

Republican

Ronald Reagan
100%
1901-1909

Republican

Theodore Roosevelt
100%
1869-1877

Republican

Ulysses S. Grant
100%
1897-1901

Republican

William McKinley
100%
2001-2009

Republican

George W. Bush
50%
1861-1865

Republican/National Union

Abraham Lincoln
0%
1829-1837

Democratic

Andrew Jackson
0%
1865-1869

National Union

Andrew Johnson
0%
1974-1977

Republican

Gerald Ford
0%
1885-1889

Democratic

Grover Cleveland
0%
1845-1849

Democratic

James K. Polk
0%
1809-1817

Democratic-Republican

James Madison
0%
1850-1853

Whig

Millard Fillmore
0%
1877-1881

Republican

Rutherford B. Hayes
0%
1801-1809

Democratic-Republican

Thomas Jefferson
0%
1921-1923

Republican

Warren G. Harding
0%
1841-1841

Whig

William Henry Harrison
0%
1909-1913

Republican

William Howard Taft
0%
1913-1921

Democratic

Woodrow Wilson
0%
1849-1850

Whig

Zachary Taylor
0%

Score Distribution

Percentile by Number Answered

Percent of People with Each Score

Your Score History

You have not taken this quiz